000 01035nam a2200217Ia 4500
999 _c39584
_d39584
001 6183
003 GE_BSU
005 20190701152823.0
008 181216s1980|||| |||||||||||||| ||geo||
041 _ageo
080 _a621.91(075.8) გ-59
100 _aგოგავა, ლ.
_93123
245 _aპროგრამული მართვის ლითონსაჭრელი ჩარხები და მართვის სისტემები / სახელმძღვ.
_cლ. გოგავა ; რედ : გ. ჩიხლაძე.
264 _aთბილისი :
_bგანათლება,
_c1985.
300 _a199 გვ .:
_bნახაზ.
_c20 სმ.
504 _aბიბლიოგრ.:გვ.195-196.
653 _aპროგრამული მართვის ლითონსაჭრელი ჩარხები
653 _aტექნიკა
700 _aჩიხლაძე, გ
_eრედაქტორი
_91385
942 _cBK
_2udc